"Stop Soros": A Fake Governmental Legislation Proposal in the Hungarian Election Campaign
Analýza návrhu trojbodového legislatívneho balíčka "Stop Soros" z 02/2018 v Maďarsku z pohľadu predvolebnej kampane strany Fidesz. Domáce a zahraničné reakcie.
Gespeichert in:
| 1. Verfasser: | |
|---|---|
| Format: | Buchkapitel |
| Sprache: | Englisch |
| Schlagworte: | |
| Tags: |
Keine Tags, Fügen Sie das erste Tag hinzu!
|
MARC
| LEADER | 00000nla a2200000 4500 | ||
|---|---|---|---|
| 001 | 0246320 | ||
| 005 | 20231108103322.7 | ||
| 041 | 0 | |a eng | |
| 044 | |a PL | ||
| 245 | 1 | 0 | |a "Stop Soros": A Fake Governmental Legislation Proposal in the Hungarian Election Campaign |c János Kárpáti |
| 520 | |a Analýza návrhu trojbodového legislatívneho balíčka "Stop Soros" z 02/2018 v Maďarsku z pohľadu predvolebnej kampane strany Fidesz. Domáce a zahraničné reakcie. | ||
| 610 | 2 | 0 | |a sloboda |
| 610 | 2 | 0 | |a politika |
| 610 | 2 | 0 | |a vláda |
| 610 | 2 | 0 | |a kampane volebné |
| 610 | 2 | 0 | |a voľby |
| 610 | 2 | 0 | |a zákony |
| 610 | 2 | 0 | |a legislatíva |
| 610 | 2 | 0 | |a Maďarsko |
| 610 | 2 | 0 | |a imigrácia |
| 100 | 1 | |a Kárpáti, János | |